000 00649nam a2200229Ia 4500
003 GCL
008 140319s9999 xx 000 0 ara d
040 _aGCL /
_cGCL
082 0 4 _a241
_bع ك
100 1 _aعبدالحميد عزيز الزندانى
245 1 0 _aكتاب التوحيد /
_cعبدالحميد عزيز الزندانى
260 _a[S.N] :
_bبرنت للطباعة ،
_c1991
300 _a320 ص
490 _a
650 0 4 _aالاسلام
650 0 4 _aالجنة
650 0 4 _aالفقه الاسلامى
650 0 4 _aالبعث
650 0 4 _aالنار
650 0 4 _aالجنة والنار
942 _2ddc
_cBK
999 _c29400
_d29400